| 000 | 00366nam a2200133Ia 4500 | ||
|---|---|---|---|
| 005 | 20251222144629.0 | ||
| 008 | 251222s9999||||xx |||||||||||||| ||spa|| | ||
| 020 | _a84-7908-031-0 | ||
| 082 | _a946.081/S24 | ||
| 100 | _aSánchez Recio, Glicerio | ||
| 245 | 0 | _aLa República Contra los Rebeldes y los Desafectos: | |
| 264 | _bUniversidad de Allicante | ||
| 942 | _cLIB | ||
| 999 |
_c16217 _d16217 |
||